| 000 | 00343pam a2200145 a 4500 | ||
|---|---|---|---|
| 020 | _c | ||
| 041 | _h | ||
| 082 |
_a5.133 _bMAL |
||
| 100 | _aMalayal | ||
| 245 |
_aSpeech And Language Processing _hTextual Documents |
||
| 250 | _a38th ed | ||
| 260 |
_aNew Delhi _bPearson Education [Addison Wesley] _c2003 |
||
| 300 | _a836/PB | ||
| 930 | _a802 | ||
| 999 |
_c107635 _d107635 |
||